[Event "CAN-op"]
[Site "Victoria CAN"]
[Date "2012.07.10"]
[Round "6"]
[White "Wu, Ruining (Ray)"]
[Black "Daswani, Benedict"]
[Result "1-0"]
[WhiteElo "1835"]
[BlackElo "2072"]
[PlyCount "55"]
[GameId "2160767909508239"]
[EventDate "2012.07.08"]
[EventType "swiss"]
[EventRounds "9"]
[EventCountry "CAN"]

1. d4 Nf6 2. c4 c5 3. d5 e5 4. Nc3 d6 5. e4 Be7 6. Qc2 O-O 7. Bd3 Nbd7 8. Nge2 Nh5 9. Be3 Bg5 10. O-O-O a6 11. Qd2 Bxe3 12. Qxe3 Rb8 13. g4 Nf4 14. Nxf4 exf4 15. Qxf4 Ne5 16. Be2 Qa5 17. Qd2 b5 18. f4 b4 19. Nb1 Nxg4 20. Rhg1 Nf2 21. f5 Nxe4 22. Qh6 g6 23. fxg6 fxg6 24. Rxg6+ hxg6 25. Qxg6+ Kh8 26. Qh6+ Kg8 27. Rg1+ Kf7 28. Rf1+ 1-0

[Event "CAN-op"]
[Site "Victoria CAN"]
[Date "2012.07.10"]
[Round "6"]
[White "Yearwood, Roy"]
[Black "Li, Kevin"]
[Result "0-1"]
[WhiteElo "2083"]
[BlackElo "2097"]
[PlyCount "50"]
[GameId "2160767909508240"]
[EventDate "2012.07.08"]
[EventType "swiss"]
[EventRounds "9"]
[EventCountry "CAN"]
[SourceTitle "CBM 149 Extra"]
[Source "ChessBase"]
[SourceDate "2012.08.24"]
[SourceVersion "1"]
[SourceVersionDate "2012.08.24"]
[SourceQuality "1"]

1. b4 e6 2. Bb2 Nf6 3. a3 c5 4. b5 d5 5. e3 Be7 6. Nf3 Nbd7 7. Be2 Qc7 8. O-O e5 9. d4 cxd4 10. exd4 e4 11. Ne5 O-O 12. f4 exf3 13. Bxf3 Bd6 14. Re1 Re8 15. Qe2 Nf8 16. Nc3 Be6 17. g3 Rac8 18. Qg2 Qa5 19. Nxd5 Nxd5 20. Bxd5 Bxd5 21. Qxd5 Bxe5 22. Rxe5 Rxe5 23. Qxe5 Rxc2 24. d5 f6 25. Qd4 Qxb5 0-1

[Event "CAN-op"]
[Site "Victoria CAN"]
[Date "2012.07.10"]
[Round "6"]
[White "Yoos, John"]
[Black "Villavieja, Butch"]
[Result "1-0"]
[WhiteElo "2392"]
[BlackElo "2303"]
[PlyCount "101"]
[GameId "2160767909508241"]
[EventDate "2012.07.08"]
[EventType "swiss"]
[EventRounds "9"]
[EventCountry "CAN"]

1. e4 c5 2. Nf3 d6 3. d4 cxd4 4. Nxd4 Nf6 5. Nc3 g6 6. Be3 Bg7 7. f3 O-O 8. Qd2 Nc6 9. Bc4 Bd7 10. O-O-O Ne5 11. Bb3 Rc8 12. Bg5 Rc5 13. Rhe1 b5 14. f4 Nc4 15. Bxc4 bxc4 16. e5 dxe5 17. Nf3 exf4 18. Ne5 Rxe5 19. Rxe5 Qb6 20. Bxf4 e6 21. Ree1 Bc6 22. Be5 Qb7 23. Qd4 Bh6+ 24. Kb1 Nd7 25. Qh4 Nxe5 26. Qxh6 Rb8 27. b3 cxb3 28. axb3 Nd7 29. Qh4 Bxg2 30. Ne4 Bxe4 31. Rxe4 Nf6 32. Re3 Nd5 33. Rh3 h5 34. Rhd3 Rc8 35. c4 Qb4 36. Rc1 a5 37. Qd4 Ne7 38. Qd6 Nc6 39. Qxb4 Nxb4 40. Rd7 Nc6 41. Rf1 Ne5 42. Ra7 Rc5 43. Ka2 g5 44. Ka3 f5 45. Rd1 Nc6 46. Rc7 f4 47. Rdd7 Rf5 48. Rxc6 f3 49. Rc8+ Rf8 50. Rxf8+ Kxf8 51. c5 1-0

[Event "CAN-op"]
[Site "Victoria CAN"]
[Date "2012.07.10"]
[Round "6"]
[White "Zhou, Qiyu"]
[Black "Botez, Alexandra"]
[Result "0-1"]
[WhiteElo "1813"]
[BlackElo "2008"]
[PlyCount "122"]
[GameId "2160767909508242"]
[EventDate "2012.07.08"]
[EventType "swiss"]
[EventRounds "9"]
[EventCountry "CAN"]
[SourceTitle "CBM 149 Extra"]
[Source "ChessBase"]
[SourceDate "2012.08.24"]
[SourceVersion "1"]
[SourceVersionDate "2012.08.24"]
[SourceQuality "1"]

1. e4 e6 2. d4 d5 3. Nc3 Nf6 4. Bg5 Bb4 5. exd5 exd5 6. Qf3 Be6 7. Bb5+ c6 8. Bd3 Nbd7 9. Nge2 h6 10. Bh4 Qb6 11. O-O g5 12. Bg3 h5 13. Qe3 h4 14. Be5 Ng4 15. Qxg5 Ndxe5 16. dxe5 Be7 17. Qf4 Rh5 18. h3 Nxe5 19. Nd4 O-O-O 20. Nxe6 fxe6 21. Na4 Qc7 22. Kh1 Nxd3 23. Qxc7+ Kxc7 24. cxd3 d4 25. b3 b5 26. Nb2 Bb4 27. Rac1 Bc3 28. Nd1 b4 29. f3 Re5 30. Rc2 Rdd5 31. Kh2 Be1 32. Kg1 Bg3 33. Nf2 Rc5 34. Rxc5 Rxc5 35. Ne4 Rc2 36. Ra1 Kd7 37. Kf1 e5 38. a3 a5 39. axb4 axb4 40. Ra4 Rc1+ 41. Ke2 Re1+ 42. Kd2 Rg1 43. Nxg3 hxg3 44. Ke2 Rxg2+ 45. Kf1 Rf2+ 46. Kg1 c5 47. h4 Rxf3 48. h5 Rf6 49. Kg2 Ke6 50. Kxg3 Kf5 51. Ra5 Rc6 52. Kf3 Rh6 53. Rxc5 Rxh5 54. Rb5 Rh3+ 55. Ke2 Rh2+ 56. Ke1 Kf4 57. Rxb4 Ke3 58. Kf1 Kxd3 59. Rb8 e4 60. b4 e3 61. b5 e2+ 0-1

[Event "CAN-op"]
[Site "Victoria CAN"]
[Date "2012.07.10"]
[Round "6"]
[White "Zierk, Steven"]
[Black "Kenney, Jason"]
[Result "1-0"]
[WhiteElo "2478"]
[BlackElo "2136"]
[PlyCount "81"]
[GameId "2160767909508243"]
[EventDate "2012.07.08"]
[EventType "swiss"]
[EventRounds "9"]
[EventCountry "CAN"]
[SourceTitle "CBM 149 Extra"]
[Source "ChessBase"]
[SourceDate "2012.08.24"]
[SourceVersion "1"]
[SourceVersionDate "2012.08.24"]
[SourceQuality "1"]

1. e4 c5 2. Nf3 d6 3. Bc4 Nf6 4. Nc3 a6 5. a4 Nc6 6. d4 cxd4 7. Nxd4 Qb6 8. Nb3 e6 9. O-O Qc7 10. Nd4 Be7 11. Nxc6 bxc6 12. Bf4 e5 13. Bg5 O-O 14. Qe2 h6 15. Bh4 Be6 16. Rad1 Bxc4 17. Qxc4 Rfc8 18. Qd3 Rd8 19. b3 Nh5 20. Bxe7 Qxe7 21. Qc4 Qb7 22. Qe2 Nf4 23. Qe3 Rd7 24. Ne2 Ng6 25. f4 exf4 26. Nxf4 Ne5 27. Qg3 Re8 28. Nh5 Ng6 29. Rxd6 Rxe4 30. Rxg6 fxg6 31. Nf6+ gxf6 32. Qxg6+ Rg7 33. Qxe4 Qb6+ 34. Kh1 c5 35. h3 Qd6 36. Qf3 Kf7 37. Rd1 Qe7 38. Qd5+ Kg6 39. Qd3+ Kf7 40. Qc4+ Kf8 41. Qxa6 1-0

[Event "CAN-op"]
[Site "Victoria CAN"]
[Date "2012.07.10"]
[Round "6.38"]
[White "North, Robert"]
[Black "Kosinski, George"]
[Result "1-0"]
[WhiteElo "1913"]
[BlackElo "1773"]
[PlyCount "81"]
[GameId "2160767909508244"]
[EventDate "2012.07.08"]
[EventType "swiss"]
[EventRounds "9"]
[EventCountry "CAN"]
[SourceTitle "EXT 2022"]
[Source "ChessBase"]
[SourceDate "2021.10.06"]
[SourceVersion "1"]
[SourceVersionDate "2021.10.06"]
[SourceQuality "1"]

1. d4 g6 2. c4 Bg7 3. g3 d6 4. Nf3 Nf6 5. Bg2 O-O 6. O-O Nbd7 7. Nc3 c5 8. d5 a6 9. a4 b6 10. h3 Rb8 11. Qc2 e5 12. dxe6 fxe6 13. Rd1 Qe7 14. Qd3 Ne8 15. Ne4 d5 16. cxd5 exd5 17. Qxd5+ Kh8 18. Nd6 Nxd6 19. Qxd6 Qxe2 20. Re1 Qc2 21. Ra3 Bd4 22. Be3 Bxb2 23. Bh6 Bg7 24. Bxg7+ Kxg7 25. Re7+ Kh8 26. Rae3 Qxa4 27. Ng5 Nf6 28. Qxb8 Qd1+ 29. Re1 Qh5 30. Ne6 Rg8 31. Qe5 Qxe5 32. Rxe5 Nd7 33. Re1 b5 34. Ng5 Nf6 35. Nf7+ Kg7 36. Nd6+ Kh6 37. Nxc8 Rxc8 38. Rf7 Ne8 39. Re4 Nd6 40. Rh4+ Kg5 41. f4# 1-0

[Event "CAN-op"]
[Site "Victoria CAN"]
[Date "2012.07.11"]
[Round "7"]
[White "Laceste, Loren"]
[Black "Daniluk, Jim"]
[Result "1-0"]
[WhiteElo "2297"]
[BlackElo "1968"]
[PlyCount "81"]
[GameId "2160767909508245"]
[EventDate "2012.07.08"]
[EventType "swiss"]
[EventRounds "9"]
[EventCountry "CAN"]
[SourceTitle "CBM 149 Extra"]
[Source "ChessBase"]
[SourceDate "2012.08.24"]
[SourceVersion "1"]
[SourceVersionDate "2012.08.24"]
[SourceQuality "1"]

1. d4 Nf6 2. Nf3 g6 3. c4 Bg7 4. Nc3 d5 5. e3 O-O 6. Qb3 e6 7. Be2 b6 8. O-O dxc4 9. Bxc4 Bb7 10. Qd1 Qe7 11. Qe2 c5 12. Rd1 Nbd7 13. e4 cxd4 14. Nxd4 Ne5 15. Bb3 Nc6 16. Nxc6 Bxc6 17. Bg5 Qb7 18. f3 h6 19. Be3 Rfd8 20. a4 Nd7 21. Bc4 Nc5 22. a5 Rxd1+ 23. Rxd1 Na4 24. Nxa4 Bxa4 25. b3 Bc6 26. Ba6 Qe7 27. Qc4 Bb7 28. Bxb7 Qxb7 29. a6 Qe7 30. e5 Rd8 31. Rxd8+ Qxd8 32. f4 Bf8 33. h3 Qd1+ 34. Kh2 Qa1 35. Bxb6 axb6 36. Qa4 Qe1 37. a7 Bc5 38. a8=Q+ Kg7 39. Qa1 Qd2 40. Qf3 Be3 41. Qaf1 1-0

[Event "CAN-op"]
[Site "Victoria CAN"]
[Date "2012.07.11"]
[Round "7"]
[White "Piasetski, Leon"]
[Black "Lessler, Peter"]
[Result "1-0"]
[WhiteElo "2290"]
[BlackElo "2217"]
[PlyCount "67"]
[GameId "2160767909508246"]
[EventDate "2012.07.08"]
[EventType "swiss"]
[EventRounds "9"]
[EventCountry "CAN"]
[SourceTitle "CBM 149 Extra"]
[Source "ChessBase"]
[SourceDate "2012.08.24"]
[SourceVersion "1"]
[SourceVersionDate "2012.08.24"]
[SourceQuality "1"]

1. Nf3 d5 2. d4 Nf6 3. c4 c6 4. e3 e6 5. Qc2 Nbd7 6. b3 Bd6 7. Bb2 O-O 8. Bd3 Qe7 9. Ne5 dxc4 10. Nxc4 Re8 11. Nxd6 Qxd6 12. Nd2 c5 13. Nc4 Qc6 14. O-O cxd4 15. exd4 b6 16. Rac1 Bb7 17. f3 Rad8 18. Qf2 Nb8 19. Qg3 Qd7 20. Ne5 Qd6 21. Bb5 Re7 22. Rc2 a6 23. Bd3 Nd5 24. Qh4 g6 25. Re2 Nd7 26. Nxf7 Rxf7 27. Qxd8+ Rf8 28. Qh4 Nf4 29. Rd2 Qb4 30. Rfd1 Ne5 31. a3 Qxb3 32. dxe5 Nxg2 33. Qc4 Nh4 34. Qxh4 1-0

[Event "CAN-op"]
[Site "Victoria CAN"]
[Date "2012.07.11"]
[Round "7"]
[White "Porper, Edward"]
[Black "Yoos, John"]
[Result "1/2-1/2"]
[WhiteElo "2421"]
[BlackElo "2343"]
[PlyCount "64"]
[GameId "2160767909508247"]
[EventDate "2012.07.08"]
[EventType "swiss"]
[EventRounds "9"]
[EventCountry "CAN"]
[SourceTitle "EXT 2014"]
[Source "ChessBase"]
[SourceDate "2013.11.20"]
[SourceVersion "1"]
[SourceVersionDate "2013.11.20"]
[SourceQuality "1"]

1. b3 e5 2. Bb2 Nc6 3. e3 Qe7 4. Ne2 d6 5. d4 g6 6. Nd2 Bg7 7. d5 Nb8 8. Nc3 Nh6 9. Qe2 O-O 10. O-O-O f5 11. f3 Nf7 12. Kb1 Nd7 13. Nc4 Nf6 14. Na5 a6 15. g3 Qd8 16. Nc4 b5 17. Na5 c5 18. Nc6 Qc7 19. f4 e4 20. a3 Nd8 21. Nxd8 Rxd8 22. h3 Bd7 23. Qd2 Rab8 24. Be2 b4 25. axb4 cxb4 26. Na2 a5 27. g4 Rdc8 28. g5 Ne8 29. Bxg7 Nxg7 30. Ba6 Rf8 31. Qd4 a4 32. Bc4 Rfc8 1/2-1/2

[Event "CAN-op"]
[Site "Victoria CAN"]
[Date "2012.07.11"]
[Round "7"]
[White "Wang, Richard"]
[Black "Fedorowicz, John"]
[Result "1/2-1/2"]
[WhiteElo "2322"]
[BlackElo "2440"]
[PlyCount "20"]
[GameId "2160767909508248"]
[EventDate "2012.07.08"]
[EventType "swiss"]
[EventRounds "9"]
[EventCountry "CAN"]
[SourceTitle "CBM 149 Extra"]
[Source "ChessBase"]
[SourceDate "2012.08.24"]
[SourceVersion "1"]
[SourceVersionDate "2012.08.24"]
[SourceQuality "1"]

1. d4 Nf6 2. c4 e6 3. Nf3 b6 4. g3 Ba6 5. Qc2 Bb4+ 6. Bd2 Be7 7. e4 d5 8. cxd5 Bxf1 9. Kxf1 exd5 10. e5 Ne4 1/2-1/2

[Event "CAN-op"]
[Site "Victoria CAN"]
[Date "2012.07.11"]
[Round "7"]
[White "Yam, Alex"]
[Black "Zierk, Steven"]
[Result "0-1"]
[WhiteElo "2252"]
[BlackElo "2478"]
[PlyCount "106"]
[GameId "2160767909508249"]
[EventDate "2012.07.08"]
[EventType "swiss"]
[EventRounds "9"]
[EventCountry "CAN"]
[SourceTitle "CBM 149 Extra"]
[Source "ChessBase"]
[SourceDate "2012.08.24"]
[SourceVersion "1"]
[SourceVersionDate "2012.08.24"]
[SourceQuality "1"]

1. e4 e6 2. d4 d5 3. Nc3 Bb4 4. Bd3 dxe4 5. Bxe4 Nf6 6. Bd3 Nbd7 7. Nf3 b6 8. O-O Bb7 9. Qe2 O-O 10. Bg5 h6 11. Bh4 a5 12. Ne4 Be7 13. Bg3 Nh5 14. Rfd1 Nxg3 15. hxg3 Nf6 16. c4 Qc8 17. Ne5 Rd8 18. Nc3 Bb4 19. g4 c5 20. Na4 cxd4 21. Nxb6 Qc7 22. Nxa8 Bxa8 23. f4 Nd7 24. Rac1 Nxe5 25. fxe5 Be7 26. Be4 Bg5 27. Bxa8 Be3+ 28. Kh1 Bxc1 29. Rxc1 Rxa8 30. c5 Rd8 31. Qb5 Qxe5 32. Qb6 Rc8 33. c6 Qf4 34. Rd1 Qc7 35. Qxc7 Rxc7 36. Rxd4 Rxc6 37. Ra4 Rc5 38. Kh2 Kh7 39. Kg3 Kg6 40. Kf3 Kg5 41. b3 g6 42. Ke3 e5 43. Kd3 f5 44. gxf5 gxf5 45. a3 e4+ 46. Kd4 Rb5 47. b4 axb4 48. axb4 Kf4 49. Kc4 Rb8 50. b5 Kg3 51. Ra2 f4 52. Kd5 f3 53. gxf3 exf3 0-1

[Event "CAN-op"]
[Site "Victoria CAN"]
[Date "2012.07.11"]
[Round "7.1"]
[White "Hansen, Eric"]
[Black "Mikhalevski, Victor"]
[Result "1-0"]
[WhiteElo "2580"]
[BlackElo "2625"]
[PlyCount "155"]
[GameId "2160767909508250"]
[EventDate "2012.07.08"]
[EventType "swiss"]
[EventRounds "9"]
[EventCountry "CAN"]

1. Nf3 Nf6 2. c4 g6 3. Nc3 d5 4. cxd5 Nxd5 5. Qb3 Nb6 6. d4 Bg7 7. Bg5 Be6 8. Qc2 h6 9. Bh4 g5 10. Bg3 g4 11. Nd2 Nc6 12. e3 Nb4 13. Qd1 h5 14. a3 N4d5 15. Nxd5 Nxd5 16. Bh4 c5 17. e4 Nf4 18. d5 Bd7 19. Qc2 Rc8 20. Nc4 Ng6 21. Bg5 Qc7 22. a4 Bd4 23. Qd2 Ne5 24. Bf4 h4 25. Be2 Nxc4 26. Bxc4 Be5 27. g3 Qd6 28. b3 Qf6 29. Bxe5 Qxe5 30. O-O Kf8 31. Rad1 Kg7 32. Qf4 Rh5 33. d6 Qxf4 34. gxf4 Re8 35. dxe7 Bc6 36. Bb5 Bxb5 37. axb5 Rxe7 38. Rfe1 Rh6 39. Rd5 Rhe6 40. Rg5+ Kf8 41. e5 f6 42. Rxg4 fxe5 43. Rxh4 exf4 44. Rxf4+ Kg7 45. Rxe6 Rxe6 46. Rc4 Re1+ 47. Kg2 b6 48. Ra4 Rb1 49. Rxa7+ Kf6 50. Rb7 Rxb3 51. Rxb6+ Kf5 52. Rb8 c4 53. Rc8 c3 54. b6 Rxb6 55. Rxc3 Rb4 56. h3 Rb1 57. Rg3 Rb4 58. Rg8 Rb3 59. h4 Kf6 60. f3 Rb4 61. Rg4 Rb2+ 62. Kg3 Rb1 63. h5 Rh1 64. Rh4 Rg1+ 65. Kf4 Rg8 66. h6 Rf8 67. Kg4 Rg8+ 68. Kh3 Rh8 69. h7 Kg5 70. Kg3 Kf5 71. Rh5+ Kf6 72. Kf4 Kg6 73. Kg4 Kf6 74. Rh6+ Kf7 75. Kg5 Kg7 76. Rg6+ Kf7 77. Kh6 Ra8 78. Rg7+ 1-0

[Event "CAN-op"]
[Site "Victoria CAN"]
[Date "2012.07.11"]
[Round "7.3"]
[White "Perelshteyn, Eugene"]
[Black "Calugar, Arthur"]
[Result "1-0"]
[WhiteElo "2557"]
[BlackElo "2404"]
[PlyCount "61"]
[GameId "2160767909508251"]
[EventDate "2012.07.08"]
[EventType "swiss"]
[EventRounds "9"]
[EventCountry "CAN"]

1. c4 Nf6 2. Nc3 d5 3. cxd5 Nxd5 4. g3 g6 5. Bg2 Nxc3 6. bxc3 Bg7 7. Rb1 Nd7 8. Qc2 O-O 9. d3 c5 10. Nf3 c4 11. d4 e5 12. O-O Qc7 13. Ba3 Re8 14. e3 Rb8 15. Rfd1 b6 16. Nd2 exd4 17. cxd4 b5 18. Ne4 Rb6 19. Bb4 Qb8 20. a4 Nf6 21. Nxf6+ Rxf6 22. axb5 Bg4 23. Rdc1 Bf3 24. Qxc4 Qb7 25. d5 Bxg2 26. Kxg2 Rf5 27. Qc6 Qxc6 28. bxc6 Rxd5 29. c7 Rc8 30. Bd6 Rxd6 31. Rb8 1-0

[Event "CAN-op"]
[Site "Victoria CAN"]
[Date "2012.07.11"]
[Round "7.7"]
[White "Cheng, Jack"]
[Black "Reeve, Jeff"]
[Result "1/2-1/2"]
[WhiteElo "2158"]
[BlackElo "2326"]
[PlyCount "75"]
[GameId "2160767909508252"]
[EventDate "2012.07.08"]
[EventType "swiss"]
[EventRounds "9"]
[EventCountry "CAN"]

1. e4 c5 2. Nf3 e6 3. d4 cxd4 4. Nxd4 Nc6 5. Nc3 Qc7 6. Be2 a6 7. O-O Nf6 8. Be3 Bb4 9. Na4 Be7 10. Nxc6 bxc6 11. Nb6 Rb8 12. Nxc8 Qxc8 13. Bd4 Qc7 14. e5 Nd5 15. c4 Nf4 16. Bf3 Ng6 17. Qe2 O-O 18. g3 f6 19. exf6 Bxf6 20. Bxf6 Rxf6 21. b3 Qe5 22. Qxe5 Nxe5 23. Be2 Nf3+ 24. Kg2 Nd4 25. Bd3 c5 26. f4 a5 27. Rab1 h6 28. Rf2 Kf8 29. g4 Ke7 30. Rbf1 Rbf8 31. h4 g5 32. fxg5 Rxf2+ 33. Rxf2 Rxf2+ 34. Kxf2 hxg5 35. hxg5 Nc6 36. Be4 Ne5 37. Kg3 Kf7 38. Kf4 1/2-1/2

[Event "CAN-op"]
[Site "Victoria CAN"]
[Date "2012.07.11"]
[Round "7.8"]
[White "Villavieja, Butch"]
[Black "Bragg, David"]
[Result "1-0"]
[WhiteElo "2303"]
[BlackElo "2209"]
[PlyCount "59"]
[GameId "2160767909508253"]
[EventDate "2012.07.08"]
[EventType "swiss"]
[EventRounds "9"]
[EventCountry "CAN"]

1. e4 c6 2. d4 d5 3. e5 Bf5 4. Nf3 e6 5. Be2 Nd7 6. O-O c5 7. c4 Ne7 8. Nc3 dxc4 9. Bxc4 cxd4 10. Nxd4 Nxe5 11. Bb5+ N7c6 12. Qa4 Qc7 13. Bf4 Bd6 14. Bxe5 Bxe5 15. Nxc6 bxc6 16. Bxc6+ Ke7 17. Bxa8 Rxa8 18. Qb4+ Ke8 19. f4 Bd6 20. Qa4+ Kf8 21. Rac1 g5 22. fxg5 Bxh2+ 23. Kh1 Be5 24. Qb4+ Kg7 25. Qh4 Qb7 26. Rce1 Qa6 27. Rxf5 Bxc3 28. Qh6+ Kg8 29. bxc3 exf5 30. Qxa6 1-0

[Event "CAN-op"]
[Site "Victoria CAN"]
[Date "2012.07.11"]
[Round "7.9"]
[White "McLaren, Brian"]
[Black "Pechisker, Alfred"]
[Result "1/2-1/2"]
[WhiteElo "2177"]
[BlackElo "2278"]
[PlyCount "58"]
[GameId "2160767909508254"]
[EventDate "2012.07.08"]
[EventType "swiss"]
[EventRounds "9"]
[EventCountry "CAN"]

1. e4 c5 2. Nc3 Nc6 3. g3 g6 4. Bg2 Bg7 5. d3 Rb8 6. f4 d6 7. Nh3 Nd4 8. O-O e5 9. Nd5 Ne7 10. Nxe7 Qxe7 11. f5 f6 12. c3 Nc6 13. Be3 Nd8 14. d4 b6 15. g4 Nf7 16. dxc5 dxc5 17. Qb3 g5 18. Rfd1 O-O 19. Bf1 Bb7 20. Nf2 Kh8 21. Bc4 Nd6 22. Bd5 Rfd8 23. a4 Qc7 24. Kg2 Bf8 25. c4 Bxd5 26. Rxd5 Nb7 27. Rad1 Rxd5 28. Rxd5 Rd8 29. Qd3 Be7 1/2-1/2

[Event "CAN-op"]
[Site "Victoria CAN"]
[Date "2012.07.11"]
[Round "7.10"]
[White "Kazmaier, Daniel"]
[Black "Wu, Howard"]
[Result "1-0"]
[WhiteElo "2327"]
[BlackElo "2129"]
[PlyCount "67"]
[GameId "2160767909508255"]
[EventDate "2012.07.08"]
[EventType "swiss"]
[EventRounds "9"]
[EventCountry "CAN"]

1. Nf3 Nf6 2. c4 c5 3. Nc3 g6 4. g3 Bg7 5. Bg2 Nc6 6. O-O O-O 7. e4 d6 8. h3 Bd7 9. d3 Rb8 10. Be3 a6 11. Qd2 b5 12. Bh6 e5 13. Bxg7 Kxg7 14. Nh4 Nd4 15. Ne2 bxc4 16. Nxd4 cxd4 17. dxc4 Qc8 18. f4 Ne8 19. b3 Bxh3 20. f5 Bxg2 21. Kxg2 Nf6 22. Rae1 Ng4 23. Qg5 Ne3+ 24. Rxe3 f6 25. Qg4 dxe3 26. Nxg6 Kf7 27. Nxf8 Kxf8 28. Qh4 Qd8 29. Qxh7 Qa5 30. Qh8+ Ke7 31. Qxb8 Qd2+ 32. Kf3 e2 33. Qa7+ Kd8 34. Rh1 1-0

[Event "CAN-op"]
[Site "Victoria CAN"]
[Date "2012.07.11"]
[Round "7.11"]
[White "Li, Kevin"]
[Black "Plotkin, Victor"]
[Result "1-0"]
[WhiteElo "2232"]
[BlackElo "2411"]
[PlyCount "109"]
[GameId "2160767909508256"]
[EventDate "2012.07.08"]
[EventType "swiss"]
[EventRounds "9"]
[EventCountry "CAN"]

1. e4 e5 2. Nf3 Nf6 3. Nc3 Bb4 4. Bc4 d6 5. O-O Bg4 6. h3 Bh5 7. Be2 Nc6 8. d3 h6 9. Nd5 O-O 10. Nxb4 Nxb4 11. Nh4 Bxe2 12. Qxe2 Nc6 13. Nf5 Ne7 14. Qf3 Nxf5 15. exf5 d5 16. Qg3 Qd6 17. Bd2 Rfe8 18. Rae1 Kh8 19. Qh4 Nh7 20. Kh1 f6 21. f4 e4 22. d4 Qa6 23. Rg1 Qxa2 24. Bc1 Qa4 25. c3 Re7 26. g4 Qd7 27. Re3 a5 28. Qg3 b6 29. Re2 Rae8 30. Be3 Qb5 31. Reg2 Qd7 32. h4 Rc8 33. Qh3 Rf7 34. Rf1 Rff8 35. Kh2 c5 36. g5 c4 37. gxh6 gxh6 38. Rg6 Rg8 39. Rfg1 Qf7 40. Qg4 Rxg6 41. fxg6 f5 42. Qh5 Qf6 43. Qxh6 Rc7 44. Qh5 Rg7 45. Rg5 b5 46. gxh7 Qf7 47. Rxf5 Qxh5 48. Rxh5 Rd7 49. f5 Rxh7 50. Rxh7+ Kxh7 51. Kg3 b4 52. cxb4 axb4 53. Kf4 b3 54. Bd2 Kg7 55. h5 1-0

[Event "CAN-op"]
[Site "Victoria CAN"]
[Date "2012.07.11"]
[Round "7.12"]
[White "Davies, Lucas"]
[Black "Rohonyan, Katerina"]
[Result "1/2-1/2"]
[WhiteElo "2214"]
[BlackElo "2351"]
[PlyCount "56"]
[GameId "2160767909508257"]
[EventDate "2012.07.08"]
[EventType "swiss"]
[EventRounds "9"]
[EventCountry "CAN"]

1. e4 c5 2. Nc3 d6 3. g3 Nc6 4. Bg2 g6 5. d3 Bg7 6. Be3 Nf6 7. h3 Bd7 8. f4 O-O 9. Nf3 b5 10. a3 Rb8 11. O-O a5 12. Ne2 b4 13. axb4 axb4 14. b3 Ra8 15. Rc1 Qb6 16. g4 Rfc8 17. f5 Ne8 18. Nf4 Nc7 19. Qe1 Nd4 20. Qh4 Nxf3+ 21. Rxf3 e5 22. Ne2 Nb5 23. Rf2 Nd4 24. Nxd4 cxd4 25. Bh6 Qd8 26. Qxd8+ Rxd8 27. Bd2 Rdb8 28. fxg6 hxg6 1/2-1/2

[Event "CAN-op"]
[Site "Victoria CAN"]
[Date "2012.07.11"]
[Round "7.13"]
[White "Moore, Harry"]
[Black "Patterson, Roger"]
[Result "1/2-1/2"]
[WhiteElo "2279"]
[BlackElo "2107"]
[PlyCount "89"]
[GameId "2160767909508258"]
[EventDate "2012.07.08"]
[EventType "swiss"]
[EventRounds "9"]
[EventCountry "CAN"]

1. e4 c5 2. Nc3 d6 3. g3 Nc6 4. Bg2 g6 5. d3 Bg7 6. Be3 e6 7. Qd2 Rb8 8. f4 Nge7 9. Nf3 b5 10. O-O O-O 11. g4 f5 12. gxf5 exf5 13. e5 b4 14. Nd1 Nd5 15. Bf2 dxe5 16. fxe5 Nxe5 17. Bxc5 Rf7 18. Nxe5 Bxe5 19. d4 Bg7 20. a3 a5 21. axb4 axb4 22. c4 bxc3 23. Nxc3 Nxc3 24. bxc3 Bb7 25. Rfb1 Bxg2 26. Rxb8 Qxb8 27. Qxg2 Rb7 28. Qa2+ Kh8 29. Qa8 h6 30. Bd6 Qxa8 31. Rxa8+ Kh7 32. Rc8 g5 33. Rc6 Rb2 34. d5 Rd2 35. c4 Bd4+ 36. Kf1 f4 37. Bc5 Bxc5 38. Rxc5 f3 39. Rc6 g4 40. d6 Rxh2 41. Rc7+ Kg6 42. Rc8 Rd2 43. c5 Kg7 44. Rc7+ Kg6 45. Rc8 1/2-1/2

[Event "CAN-op"]
[Site "Victoria CAN"]
[Date "2012.07.11"]
[Round "7.14"]
[White "Barron, Michael"]
[Black "Chen, Howard"]
[Result "0-1"]
[WhiteElo "2275"]
[BlackElo "2223"]
[PlyCount "126"]
[GameId "2160767909508259"]
[EventDate "2012.07.08"]
[EventType "swiss"]
[EventRounds "9"]
[EventCountry "CAN"]

1. e4 d6 2. d4 g6 3. f4 Bg7 4. Nf3 e6 5. Bd3 Ne7 6. O-O O-O 7. c3 Nd7 8. Be3 b6 9. Nbd2 Bb7 10. f5 Nf6 11. Qc2 Qd7 12. Rae1 exf5 13. exf5 Rae8 14. Bg5 Nxf5 15. Bxf5 gxf5 16. Bxf6 Bxf6 17. Qd3 Rxe1 18. Nxe1 Re8 19. Qg3+ Kh8 20. Qf4 Re2 21. Nef3 Qe6 22. Rf2 Rxf2 23. Kxf2 c5 24. dxc5 bxc5 25. Nc4 Bxf3 26. Kxf3 Be5 27. Qh4 Qd5+ 28. Kf2 f6 29. Ne3 Qd2+ 30. Kf3 f4 31. Nf5 Qd3+ 32. Kg4 Qe2+ 33. Kh3 f3 34. Qg4 Qxg2+ 35. Qxg2 fxg2 36. Kxg2 Kg8 37. h3 Kf7 38. Kf3 d5 39. Ke2 c4 40. Kf3 Ke6 41. Ng7+ Kd6 42. Ke3 Bh2 43. Nf5+ Kc5 44. Kf2 a5 45. Ke3 Bg1+ 46. Kd2 a4 47. Ng3 Bh2 48. Nf5 Be5 49. Kc2 d4 50. cxd4+ Bxd4 51. Ng3 Kd5 52. Nf1 f5 53. Nd2 f4 54. Nf3 Bf6 55. Nd2 h5 56. Nf3 h4 57. Nd2 Kd4 58. Nf3+ Ke3 59. Nd2 Ke2 60. Nxc4 f3 61. b3 axb3+ 62. axb3 f2 63. Nd2 Bg5 0-1

[Event "CAN-op"]
[Site "Victoria CAN"]
[Date "2012.07.11"]
[Round "7.16"]
[White "Babb, Jeff"]
[Black "MacKinnon, Keith"]
[Result "1-0"]
[WhiteElo "2194"]
[BlackElo "2353"]
[PlyCount "97"]
[GameId "2160767909508260"]
[EventDate "2012.07.08"]
[EventType "swiss"]
[EventRounds "9"]
[EventCountry "CAN"]

1. f4 Nf6 2. Nf3 c5 3. e3 g6 4. b3 Bg7 5. Bb2 O-O 6. Be2 Nc6 7. O-O d6 8. c4 a6 9. Nc3 Rb8 10. Kh1 Re8 11. Rb1 e5 12. fxe5 dxe5 13. e4 Nd4 14. d3 b5 15. Nxd4 exd4 16. Nd5 bxc4 17. bxc4 Nxd5 18. cxd5 Be5 19. Qe1 c4 20. Qf2 Qf6 21. Qxf6 Bxf6 22. Rxf6 c3 23. Bd1 Bd7 24. Bb3 cxb2 25. Rxb2 a5 26. Rbf2 a4 27. Bc4 Bf5 28. h3 Kg7 29. Ra6 Bd7 30. Ra7 Red8 31. e5 Ra8 32. Rxa8 Rxa8 33. e6 fxe6 34. dxe6 Be8 35. Kh2 h6 36. g4 Rd8 37. h4 Rb8 38. Kg3 Rb1 39. Rf4 g5 40. hxg5 hxg5 41. Rxd4 Kf6 42. Kf2 Rb2+ 43. Ke3 Rg2 44. Bd5 Rg3+ 45. Kd2 Ke5 46. Kc3 Rg1 47. Bc4 Rc1+ 48. Kd2 Rg1 49. Rd8 1-0

[Event "CAN-op"]
[Site "Victoria CAN"]
[Date "2012.07.11"]
[Round "7.19"]
[White "Sohal, Tanraj"]
[Black "Botez, Alexandra"]
[Result "1/2-1/2"]
[WhiteElo "2202"]
[BlackElo "2021"]
[PlyCount "61"]
[GameId "2160767909508261"]
[EventDate "2012.07.08"]
[EventType "swiss"]
[EventRounds "9"]
[EventCountry "CAN"]

1. d4 Nf6 2. c4 g6 3. Nc3 d6 4. e4 Bg7 5. Nf3 O-O 6. Be2 e5 7. O-O exd4 8. Nxd4 Re8 9. f3 Nc6 10. Be3 Bd7 11. Qd2 a6 12. Rac1 Rb8 13. b3 Nxd4 14. Bxd4 b5 15. Nd5 c5 16. Bc3 Nxd5 17. Bxg7 Kxg7 18. Qxd5 Rb6 19. Qd2 f5 20. exf5 Bxf5 21. Bd3 Bxd3 22. Qxd3 Qf6 23. Rfe1 bxc4 24. Qxc4 Re5 25. Qa4 Qe7 26. Rxe5 Qxe5 27. Qd7+ Kh6 28. Qh3+ Kg7 29. Qd7+ Kh6 30. Qh3+ Kg7 31. Qh6+ 1/2-1/2